000
00202 a2200097 4500
001
55141
100
_a
245
_a
Maha Oakha Mofti
260
_a
Lahore
_b
Feroz Sons Ltd
_c
2003
090
_c
34162
_d
34162
942
_a
NUST-CAE
_c
_c
26850
999
_c
290214
_d
290214